La empresa de América : (Record no. 40199)
[ view plain ]
| 000 -CABECERA | |
|---|---|
| campo de control de longitud fija | 00617nam a2200181 a 4500 |
| 001 - NÚMERO DE CONTROL | |
| campo de control | 000040709 |
| 005 - FECHA Y HORA DE LA ÚLTIMA TRANSACCIÓN | |
| campo de control | 20201002034324.0 |
| 008 - DATOS DE LONGITUD FIJA--INFORMACIÓN GENERAL | |
| campo de control de longitud fija | 130905s2011 sp 001 0 spa d |
| 020 ## - NÚMERO INTERNACIONAL ESTÁNDAR DEL LIBRO | |
| Número Internacional Estándar del Libro | 9788441425255 |
| 040 ## - FUENTE DE LA CATALOGACIÓN | |
| Centro catalogador/agencia de origen | DO-SdBNP |
| Lengua de catalogación | spa |
| Centro/agencia transcriptor | BNPHU |
| 245 03 - MENCIÓN DE TÍTULO | |
| Título | La empresa de América : |
| Resto del título | los hombres que conquistaron imperios y gestaron naciones / |
| Mención de responsabilidad, etc. | Patricio de Blas Zabaleta. |
| 260 ## - PUBLICACIÓN, DISTRIBUCIÓN, ETC. | |
| Nombre del editor, distribuidor, etc. | Madrid :, |
| Fecha de publicación, distribución, etc. | Edaf ee |
| -- | 2011. |
| 300 ## - DESCRIPCIÓN FÍSICA | |
| Extensión | 307 p., [16] p. de lám. : |
| Otras características físicas | il., mapas ; |
| Dimensiones | 23 cm. |
| 504 ## - NOTA DE BIBLIOGRAFÍA, ETC. | |
| Nota de bibliografía, etc. | Bibliografía: p.295-298. |
| 500 ## - NOTA GENERAL | |
| Nota general | Incluye índices |
| 504 ## - NOTA DE BIBLIOGRAFÍA, ETC. | |
| Nota de bibliografía, etc. | Desplegables |
| 700 1# - PUNTO DE ACCESO ADICIONAL--NOMBRE DE PERSONA | |
| Nombre de persona | Blas Zabaleta, Patricio de |
| 9 (RLIN) | 67093 |
| Estado de retiro | Estado de pérdida | Restricciones de uso | No para préstamo | Código de colección | Localización permanente | Ubicación/localización actual | Ubicación en estantería | Fecha de adquisición | Número de inventario | Total de préstamos | Signatura topográfica completa | Código de barras | Fecha visto por última vez | Precio válido a partir de | Tipo de ítem Koha |
|---|---|---|---|---|---|---|---|---|---|---|---|---|---|---|---|
| Excluido de préstamo | Monografías: Libros y Folletos | General | General | En catalogación | 05.09.2013 | LF1 | 40709-10 | 25.06.2020 | 25.06.2020 | No se presta |
